000
00354nam a22001577a 4500
020
_a
81-86321-63-2
041
_a
ENG
100
_a
OJha.T.P.
245
_a
Principles Of Agricultural Engineeing Vol 1
250
_a
Fourth Ed
260
_a
New Delhi
_b
Jain Brothers
_c
1998
300
_a
623
650
_a
FMP
700
_a
Michael.A.M
856
_u
FMP
999
_c
411
_d
411